| 000 | 00445cam a22001337a 4500 | ||
|---|---|---|---|
| 008 | 180718b1986 xxu||||| |||| 00| 0 eng d | ||
| 082 | _aB264 P274 | ||
| 245 |
_aLenin and imperialism: an appraisal of theories and contemporary reality _cedited by P. Patnaik |
||
| 260 |
_aDelhi _bOrient Longman _c1986 |
||
| 300 | _a414p. | ||
| 650 | _aImperialism --Congresses. | ||
| 650 | _aLenin, Vladimir Il'ich, 1870-1924 --Congresses | ||
| 700 | _aPatnaik, P. | ||
| 999 |
_c351776 _d351776 |
||